Rediscovering the father (Record no. 121092)
[ view plain ]
| 000 -LEADER | |
|---|---|
| fixed length control field | 00442nam a22001577a 4500 |
| 005 - DATE AND TIME OF LATEST TRANSACTION | |
| control field | 20201021105824.0 |
| 008 - FIXED-LENGTH DATA ELEMENTS--GENERAL INFORMATION | |
| fixed length control field | 141007b xxu||||| |||| 00| 0 eng d |
| 050 ## - LIBRARY OF CONGRESS CALL NUMBER | |
| Classification number | BX2182.2 |
| Item number | K37 |
| 100 ## - MAIN ENTRY--PERSONAL NAME | |
| Personal name | Kentenich, Joseph |
| 9 (RLIN) | 12083 |
| 245 ## - TITLE STATEMENT | |
| Title | Rediscovering the father |
| Statement of responsibility, etc | Kentenich, Joseph |
| 260 ## - PUBLICATION, DISTRIBUTION, ETC. (IMPRINT) | |
| Place of publication, distribution, etc | Mumbai |
| Name of publisher, distributor, etc | St. Paul |
| Date of publication, distribution, etc | 1999 |
| 300 ## - PHYSICAL DESCRIPTION | |
| Extent | 158p.; |
| Dimensions | 21cm. |
| 650 ## - SUBJECT ADDED ENTRY--TOPICAL TERM | |
| Topical term or geographic name as entry element | Meditations |
| 9 (RLIN) | 49952 |
| 650 ## - SUBJECT ADDED ENTRY--TOPICAL TERM | |
| Topical term or geographic name as entry element | God |
| General subdivision | Father |
| 9 (RLIN) | 49953 |
| 942 ## - ADDED ENTRY ELEMENTS (KOHA) | |
| Source of classification or shelving scheme | Library of Congress Classification |
| Item type | Monograph ( Printed materials) |
| Withdrawn status | Lost status | Source of classification or shelving scheme | Damaged status | Not for loan | Collection code | Home library | Current library | Shelving location | Date acquired | Total Checkouts | Full call number | Barcode | Date last seen | Price effective from | Koha item type |
|---|---|---|---|---|---|---|---|---|---|---|---|---|---|---|---|
| Library of Congress Classification | Main Collection | ARRUPE LIBRARY | ARRUPE LIBRARY | Main Collection | 07/10/2014 | BX2182.2 K37 | 46600008130 | 22/11/2017 | 07/10/2014 | Monograph ( Printed materials) |